Central Library OPAC University of Rajshahi

Essentials of distribution / (Record no. 14085)

MARC details
000 -LEADER
fixed length control field 00811cam a22002771 4500
001 - CONTROL NUMBER
control field 14085
003 - CONTROL NUMBER IDENTIFIER
rucl marc code BD-RjUL
005 - DATE AND TIME OF LATEST TRANSACTION
control field 20211208235553.0
008 - FIXED-LENGTH DATA ELEMENTS--GENERAL INFORMATION
fixed length control field 140205s1947 nyua 001 0 eng
035 ## - SYSTEM CONTROL NUMBER
System control number (BD-RjUL)14137
System control number (OCoLC)241992
040 ## - CATALOGING SOURCE
Original cataloging agency DLC
Transcribing agency ODaWU
Modifying agency OCoLC
-- DLC
-- BD-RjUL
Language of cataloging eng
041 ## - LANGUAGE CODE
Language code of text/sound track or separate title eng
082 ## - DEWEY DECIMAL CLASSIFICATION NUMBER
Classification number 658.8
Author mark and year COE 1947
100 1# - MAIN ENTRY--PERSONAL NAME
Personal name Converse, Paul Dulaney,
Dates associated with a name 1889-
9 (RLIN) 44015
245 10 - TITLE STATEMENT
Title Essentials of distribution /
Statement of responsibility, etc. Paul D. Converse
260 ## - PUBLICATION, DISTRIBUTION, ETC. (IMPRINT)
Place of publication, distribution, etc. New York :
Name of publisher, distributor, etc. Prentice-Hall, inc.,
Date of publication, distribution, etc. c1936 [ Reprinted 1947].
300 ## - PHYSICAL DESCRIPTION
Pagination xvii, 588 p. :
Illustrations illus., tables, diagrs. ;
Size 21 cm.
504 ## - BIBLIOGRAPHY, ETC. NOTE
Bibliography, etc Includes index.
650 #0 - SUBJECT ADDED ENTRY--TOPICAL TERM
Topical term or geographic name as entry element Marketing.
9 (RLIN) 44016
Topical term or geographic name as entry element Selling.
9 (RLIN) 44017
Topical term or geographic name as entry element Advertising.
9 (RLIN) 44018
942 ## - ADDED ENTRY ELEMENTS (KOHA)
Source of classification or shelving scheme Dewey Decimal Classification
Koha item type Books
Holdings
Lost status Source of classification or shelving scheme Damaged status Not for loan Collection code Permanent Location Current Location Shelving location Date acquired Source of acquisition Total Checkouts Full call number Date last seen Copy number Koha item type Cost, normal purchase price
  Dewey Decimal Classification   Not For Loan Non-fiction Central Library, University of Rajshahi Central Library, University of Rajshahi Reading Room 04/03/1957 U.S.A   658.8 COE 1947 05/02/2014 C-1 Books  
  Dewey Decimal Classification     Non-fiction Central Library, University of Rajshahi Central Library, University of Rajshahi   04/03/1957 American cal Dhaka gift   658.8 COE 1947 11/03/2014 C-3 Books 0.00
  Dewey Decimal Classification     Non-fiction Central Library, University of Rajshahi Central Library, University of Rajshahi   06/12/1955 Asia Foundation , Sanfrancisco, California U.S.A.   658.8 COE 1947 03/04/2019 C-2 Books  
  Dewey Decimal Classification     Non-fiction Central Library, University of Rajshahi Central Library, University of Rajshahi   06/12/1955 Asia Foundation , Sanfrancisco, California U.S.A.   658.8 COE 1947 03/04/2019 C-4 Books  
  Dewey Decimal Classification     Non-fiction Central Library, University of Rajshahi Central Library, University of Rajshahi   01/12/1964 Asia Foundation , Sanfrancisco, California U.S.A.   658.8 COE 1947 03/04/2019 C-5 Books